000 00809nmm a2200313 a 4500
003 AR-BaBNM
005 20251128203659.0
008 117019s1991 ||||||||||||||000 | spa||
020 _a950-14-0584-2
040 _cAR-BaBNM
100 1 _aLouzan de Solimano, Nelly
245 1 0 _aDerecho civil
_bparte general
260 _aBuenos Aires
_bEdiciones Depalma
_c1991
300 0 _a2 v.
_bgráfs.
650 4 _aDERECHO
650 4 _aDERECHO CIVIL
650 4 _aHISTORIA DEL DERECHO
650 4 _aPERSONAS JURIDICAS
650 4 _aACTOS JURIDICOS
650 4 _aESTADO
650 4 _aMUJERES CASADAS
650 4 _aCODIGOS
651 4 _aArgentina
653 0 _aPATRIMONIO
700 1 _aTrincavelli, Nélida E.
700 1 _aFernández, Luis Reinaldo
_ecolaborador
942 _cBK
998 _cAndrea
999 _c4465
_d4465